000 00571nam a2200205Ia 4500
003 OSt
005 20230608111651.0
008 210423s2006 xx 000 0 und d
040 _cAL
041 _aeng
082 _a361.3
_223
_bCHAW
100 _aCHAWDHARYA (S)
_9122434
245 _aWelfare policy and social development
260 _aNew Delhi
_bGldeal Vision Publication
_c2006
365 _b650
_cINR
650 _aSocial Problems & Services
_9122435
650 _aSocial Work
_9122436
906 _adevelopment ; policy ; social ; Welfare
942 _2ddc
_cBK
999 _c175249
_d175249